Statistics for Countries bordering INDIA

Click here to take the quiz!

General Stats

  • This quiz has been taken 13 times
  • The average score is 7 of 7

Answer Stats

Answer% Correct
Bangladesh
100%
Nepal
100%
Pakistan
100%
Afghanistan
92%
China
92%
Bhutan
83%
Myanmar
83%

Score Distribution

Percentile by Number Answered

Percent of People with Each Score

Your Score History

You have not taken this quiz